Izbrannyje stichi i p'jesy /

Hlavní autor: Svetlov, Michail Arkad‘jevič, 1903-1964
Jazyk: Ruština
Vydáno: Moskva : Goslitizdat, 1950
Fyzický popis: 204 stran
Knihy
Uloženo v:
LEADER 00735nam a22002292i 4500
001 001493243
003 CZ BrMZK
005 20160209093222.0
007 ta
008 151021s1950 ru er|||||||||||rus d
040 |a ABA004  |b cze  |c ABA004  |d ABA004  |d BOA001  |e rda 
100 1 |a Svetlov, Michail Arkad‘jevič,  |d 1903-1964  |7 jn20000701750  |4 aut 
245 1 0 |a Izbrannyje stichi i p'jesy /  |c M.A. Svetlov 
264 1 |a Moskva :  |b Goslitizdat,  |c 1950 
300 |a 204 stran 
336 |a text  |b txt  |2 rdacontent 
337 |a bez média  |b n  |2 rdamedia 
338 |a svazek  |b nc  |2 rdacarrier 
910 |a BOA001  |b 2-0253.187 
990 |a BK 
991 |b 201510 
996 7 |b 2618726098  |c 2-0253.187  |l MZK  |r Sklad / do 24 hodin  |n 0  |w 001528341  |u 000010  |a 1  |e BOA001  |j MZK50  |s A